00530nam a2200121 a 4500001001000000003000400010005001700014008004100031040002500072245024100097260005000338300002000388000029515OSt20210407161815.0110418s1989 000 spa d aDO-SdBNPbspacBNPHU00aEncuentro del compañero Juan Bosch con la Asociación de Pequeños y Medianos Empresarios (APYME) :bdiscurso dicho por Juan Bosch, presidente del Partido de la Liberación Dominicana, el 5 de julio de 1989, en el Hotel Comodoro /. aSanto Domingo :bEditora Alfa y Omega,c1989. a12 p. ;c22 cm.